[Event "Challenge"]
[Site "http://www.queenalice.com/game.php?id=1614396"]
[Date "2020.5.30"]
[Round "-"]
[White "rogers10"]
[Black "canasson2"]
[Result "1-0"]
[WhiteElo "1948"]
[BlackElo "1158"]

1. e4 e5 2. Nf3 Nc6 3. d4 d5 4. exd5 Qxd5 5. Nc3 Bb4 6. dxe5 Qxd1+ 7. Kxd1 Bg4
8. Bd3 Nxe5 9. Re1 Bxf3+ 10. gxf3 Bd6 11. f4 O-O-O 12. fxe5 Bc5 13. Be3 Bd4 14.
Bxd4 Rxd4 15. Ke2 Nh6 16. Rad1 Kb8 17. Be4 Rhd8 18. Rxd4 Rxd4 19. Rd1 Rxd1 20.
Kxd1 Ng4 21. f4 Nxh2 22. Bxh7 f6 23. Ke2 fxe5 24. fxe5 Ng4 25. e6 Kc8 26. e7 Kd7
27. Bf5+ Kxe7 28. Bxg4 b6 29. Nb5 Kf6 30. Nxc7 Kg5 31. Kf3 Kh4 32. Kf4 g5+ 33.
Kf5 a5 34. Nb5 a4 35. Nc3 a3 36. bxa3 b5 37. Nxb5 Kg3 38. a4 Kh4 39. a5 Kg3 40.
a6 Kh4 41. a7 Kg3 42. a8=Q Kh4 43. Nd4 Kg3 44. Qf3+ Kh2 45. Kxg5 Kg1 46. Ne2+
Kh2 47. Qg3+ Kh1 48. Bf3# 1-0

[Event "Challenge"]
[Site "http://www.queenalice.com/game.php?id=1614399"]
[Date "2020.5.30"]
[Round "-"]
[White "canasson2"]
[Black "rogers10"]
[Result "0-1"]
[WhiteElo "1156"]
[BlackElo "1985"]

1. d4 d5 2. Nf3 e6 3. e3 Nf6 4. b3 Be7 5. Be2 O-O 6. O-O b6 7. Bb2 Bb7 8. Ne5
Nbd7 9. Qd3 c5 10. Nc3 cxd4 11. Qxd4 Bc5 12. Qh4 Nxe5 13. Nb5 Ng6 14. Bxf6 Qxf6
15. Qxf6 gxf6 16. Rad1 Ba6 17. a4 Nh4 18. Nc3 Bb7 19. g3 Nf5 20. e4 dxe4 21. g4
Nh4 22. Rd7 Rab8 23. Rfd1 e3 24. fxe3 Bxe3+ 25. Kf1 Bf3 26. R1d3 Bxe2+ 27. Kxe2
Bc5 28. Rxa7 Ng6 29. Ne4 Nf4+ 30. Kf3 Nxd3 31. cxd3 Bd4 32. h4 Rfc8 33. g5 f5
34. Nd6 Rc3 35. Ke2 Rxb3 36. Nb5 Bc5 37. d4 Bb4 38. h5 Rg3 39. g6 fxg6 40. h6
Rh3 41. Nc7 Rxh6 42. Na6 Rd8 43. Nxb4 Rxd4 44. Nc6 Rh2+ 45. Ke3 Re4+ 46. Kf3 Rc4
47. Ne7+ Kf7 48. Nd5+ Kf8 49. Ra8+ Kg7 50. Ra7+ Kh6 51. Ne3 Rc3 52. Ra6 Rh3+ 53.
Kf4 Rhxe3 54. Rxb6 Re4# 0-1

[Event "Challenge"]
[Site "http://www.queenalice.com/game.php?id=1615413"]
[Date "2020.6.6"]
[Round "-"]
[White "rogers10"]
[Black "canasson2"]
[Result "1-0"]
[WhiteElo "1958"]
[BlackElo "1154"]

1. d4 d5 2. Bf4 Bf5 3. e3 e6 4. Nf3 Nf6 5. c4 Bb4+ 6. Nc3 Ne4 7. Rc1 Nc6 8. Bd3
Bxc3+ 9. bxc3 O-O 10. cxd5 Qxd5 11. O-O Rac8 12. c4 Qa5 13. Rc2 Nc3 14. Qd2 Nxa2
15. Rxa2 Qxd2 16. Rxd2 Nb4 17. Bxf5 exf5 18. Rb2 c5 19. dxc5 Nd3 20. Rxb7 a5 21.
Bd6 Rfe8 22. Ra7 Ra8 23. Rxa8 Rxa8 24. Ra1 a4 25. Ne5 Nxe5 26. Bxe5 Ra5 27. Bd4
g6 28. c6 Ra8 29. c7 h5 30. g3 Kf8 31. Rxa4 Rxa4 32. c8=Q+ Ke7 33. Qc5+ Kd8 34.
Bf6+ Kd7 35. Qb5+ Ke6 36. Qxa4 Kxf6 37. c5 Kg5 38. c6 f6 39. c7 Kh6 40. c8=Q Kh7
41. Qf4 Kg7 42. Qd7+ Kh8 43. Qb8# 1-0

[Event "Challenge"]
[Site "http://www.queenalice.com/game.php?id=1616176"]
[Date "2020.6.11"]
[Round "-"]
[White "canasson2"]
[Black "rogers10"]
[Result "0-1"]
[WhiteElo "1152"]
[BlackElo "2010"]

1. e4 e5 2. d3 Nf6 3. Nc3 d5 4. Bg5 Be7 5. f4 dxe4 6. fxe5 Ng4 7. Bxe7 Qxe7 8.
d4 Ne3 9. Qe2 Qg5 10. Nxe4 Qh6 11. Kf2 Nxf1 12. Kxf1 O-O 13. h4 b6 14. Rh3 Ba6
15. Qxa6 Nxa6 16. Re1 Rad8 17. c3 c5 18. Rd1 Qf4+ 19. Nf2 cxd4 20. Ne2 Qxe5 21.
cxd4 Qb5 22. Re3 Rfe8 23. Rdd3 Rxe3 24. Rxe3 Qxb2 25. Nd3 Qb1+ 26. Kf2 Nb4 27.
Nc3 Nxd3+ 28. Kg3 Qc2 29. Nd5 g6 30. Nf4 Qf2+ 31. Kg4 Qxe3 32. g3 Rxd4 33. h5
Nxf4 34. gxf4 Qxf4+ 35. Kh3 Rd3+ 36. Kg2 Qd2+ 37. Kf1 Rc3 38. hxg6 Rc1# 0-1

[Event "Challenge"]
[Site "http://www.queenalice.com/game.php?id=1616883"]
[Date "2020.6.15"]
[Round "-"]
[White "rogers10"]
[Black "canasson2"]
[Result "1-0"]
[WhiteElo "1939"]
[BlackElo "1150"]

1. e4 e5 2. Nf3 Nc6 3. d4 d5 4. exd5 Qxd5 5. dxe5 Qe4+ 6. Be3 Nxe5 7. Nc3 Nxf3+
8. Qxf3 Qb4 9. O-O-O Bg4 10. Qe4+ Qxe4 11. Nxe4 Bxd1 12. Kxd1 O-O-O+ 13. Kc1 Nf6
14. Ng5 Rd7 15. g3 g6 16. Bh3 Kb8 17. Bxd7 Nxd7 18. Nxf7 Rg8 19. Rd1 Kc8 20. Nh6
Bxh6 21. Bxh6 g5 22. f4 gxf4 23. Bxf4 h5 24. Rd5 Rh8 25. Rg5 b6 26. Rg6 h4 27.
Rh6 Rxh6 28. Bxh6 hxg3 29. hxg3 Kd8 30. g4 Ke8 31. Kd2 Kf7 32. Ke3 Nf6 33. g5
Kg6 34. Kd4 c5+ 35. Kc4 Ng8 36. Kb5 Nxh6 37. gxh6 Kxh6 38. c4 Kg6 39. Ka6 Kf5
40. Kxa7 b5 41. cxb5 c4 42. b6 Ke4 43. b7 Kd3 44. b8=Q Kc2 45. Qc7 Kb1 46. Qxc4
Ka1 47. b4 Kb2 48. b5 Ka3 49. b6 Kb2 50. b7 Ka1 51. Qd4+ Kxa2 52. b8=Q Ka3 53.
Qbb4+ Ka2 54. Qbb2# 1-0

[Event "Challenge"]
[Site "http://www.queenalice.com/game.php?id=1617352"]
[Date "2020.6.20"]
[Round "-"]
[White "canasson2"]
[Black "rogers10"]
[Result "0-1"]
[WhiteElo "1148"]
[BlackElo "1915"]

1. d4 d5 2. Nc3 e6 3. e3 Nf6 4. Bd3 Be7 5. Nf3 b6 6. b3 Ba6 7. Qe2 Bxd3 8. Qxd3
c5 9. Ba3 O-O 10. O-O-O c4 11. Bxe7 Qxe7 12. bxc4 Qa3+ 13. Kd2 Nc6 14. Nb5 Qxd3+
15. cxd3 a6 16. Nc7 Ra7 17. cxd5 exd5 18. Ne5 Rxc7 19. Rc1 Rfc8 20. Nxc6 Rxc6
21. Rxc6 Rxc6 22. Rc1 Rxc1 23. Kxc1 Ng4 24. e4 dxe4 25. dxe4 Nxf2 26. e5 Ng4 27.
h3 Ne3 28. g4 Kf8 29. Kd2 Ng2 30. Ke2 Nf4+ 31. Kf3 Nxh3 32. Kg3 Ng5 33. d5 Ke7
34. Kf4 h6 35. Kf5 g6+ 36. Kf4 b5 37. d6+ Kd7 38. a3 f6 39. exf6 Kxd6 40. f7
Nxf7 41. a4 Kc5 42. axb5 axb5 43. g5 b4 44. gxh6 Nxh6 45. Kg5 Nf5 46. Kxg6 b3
47. Kf6 b2 48. Kg6 b1=Q 49. Kf6 Kd6 50. Kg5 Ke6 51. Kf4 Qe1 52. Kg5 Qe3+ 53. Kg4
Qf2 54. Kg5 Kf7 55. Kg4 Kf6 56. Kh5 Ne3 57. Kh6 Qh2# 0-1

[Event "Challenge"]
[Site "http://www.queenalice.com/game.php?id=1617961"]
[Date "2020.6.25"]
[Round "-"]
[White "rogers10"]
[Black "canasson2"]
[Result "1-0"]
[WhiteElo "1909"]
[BlackElo "1146"]

1. e4 c5 2. Nf3 d6 3. d4 g6 4. Bc4 e6 5. O-O d5 6. exd5 exd5 7. Bd3 Bg4 8. dxc5
Bxc5 9. Re1+ Ne7 10. Be3 Bxe3 11. Rxe3 d4 12. Re4 Bxf3 13. Qxf3 a6 14. Nd2 O-O
15. Rae1 Nd5 16. Bc4 Nc6 17. Rg4 Nf6 18. Rf4 Kg7 19. Ne4 g5 20. Nxg5 h6 21. Ne4
Ne5 22. Qg3+ Kh8 23. Rxf6 Nxc4 24. Rxh6# 1-0

[Event "Challenge"]
[Site "http://www.queenalice.com/game.php?id=1618304"]
[Date "2020.6.27"]
[Round "-"]
[White "canasson2"]
[Black "rogers10"]
[Result "1-0"]
[WhiteElo "1144"]
[BlackElo "1832"]

1. e4 e6 2. d3 d5 3. Nd2 c5 4. b3 Be7 5. Bb2 dxe4 6. Bxg7 f6 7. Bxh8 Bf8 8. Qh5+
Kd7 9. Qxh7+ Ne7 10. Bxf6 Nc6 11. Qxe4 Nb4 12. d4 Qa5 13. a4 Nbd5 14. Bb5+ Kd8
15. Qe5 Bd7 16. Qd6 Qc7 17. Bxe7+ Bxe7 18. Qxd7+ Qxd7 19. Bxd7 Kxd7 20. dxc5 Nb4
21. O-O-O Bf6 22. Ne4+ Ke7 23. Nxf6 Kxf6 24. Rd4 Nc6 25. Rh4 Ne7 26. Nf3 Rg8 27.
g3 Nf5 28. Rf4 Ke7 29. Re1 Rc8 30. Re5 Kf6 31. g4 Rh8 32. gxf5 exf5 33. Rfxf5+
Kg7 34. Rf4 Kg8 35. Rg5+ 1-0

[Event "Challenge"]
[Site "http://www.queenalice.com/game.php?id=1618812"]
[Date "2020.7.1"]
[Round "-"]
[White "rogers10"]
[Black "canasson2"]
[Result "1-0"]
[WhiteElo "1829"]
[BlackElo "1174"]

1. e4 e5 2. Nf3 Nc6 3. d4 d6 4. Bc4 Bg4 5. dxe5 Nxe5 6. Nbd2 Qe7 7. O-O O-O-O 8.
b4 g6 9. Bb2 Bg7 10. Bxe5 Bxe5 11. h3 Bxf3 12. Qxf3 Nh6 13. Rad1 f5 14. Qe3 Nf7
15. Qxa7 c6 16. Qa8+ Kc7 17. Qa5+ Kd7 18. exf5 d5 19. Bd3 Ra8 20. Qb6 Nd6 21. c4
Rhb8 22. fxg6 h6 23. Nf3 Ra6 24. Nxe5+ Qxe5 25. Qe3 Qxe3 26. fxe3 Rxa2 27. c5
Ne8 28. g7 Nxg7 29. Rf7+ Ke6 30. Rxg7 Raa8 31. Rg6+ Ke7 32. Rxh6 Rg8 33. Rf1 Rg7
34. Rh7 Rxh7 35. Bxh7 Ra4 36. Rb1 Ra3 37. Kf2 Ra2+ 38. Kf3 Kd7 39. b5 Ra5 40.
bxc6+ bxc6 41. Rc1 Ra4 42. Bf5+ Ke7 43. g4 Kf6 44. h4 Ke5 45. h5 d4 46. exd4+
Rxd4 47. h6 Rd3+ 48. Bxd3 Kf6 49. h7 Kg7 50. Rh1 Kh8 51. g5 Kg7 52. h8=Q+ Kf7
53. Rh6 Ke7 54. Qg7+ 1-0

[Event "Challenge"]
[Site "http://www.queenalice.com/game.php?id=1619276"]
[Date "2020.7.5"]
[Round "-"]
[White "canasson2"]
[Black "rogers10"]
[Result "1-0"]
[WhiteElo "1172"]
[BlackElo "1831"]

1. e4 e6 2. c4 d5 3. d3 c5 4. e5 Nc6 5. Nf3 Nge7 6. Nc3 Nf5 7. g4 Nfd4 8. Bg2
Be7 9. O-O dxc4 10. dxc4 O-O 11. Nb5 Nxf3+ 12. Qxf3 Nxe5 13. Qh3 a6 14. Nc3 Nxc4
15. Be4 Qc7 16. Qxh7# 1-0

[Event "Challenge"]
[Site "http://www.queenalice.com/game.php?id=1619677"]
[Date "2020.7.7"]
[Round "-"]
[White "rogers10"]
[Black "canasson2"]
[Result "1-0"]
[WhiteElo "1852"]
[BlackElo "1202"]

1. e4 e5 2. Nf3 d6 3. d4 Bg4 4. Be2 Nc6 5. dxe5 Bxf3 6. Bxf3 Nxe5 7. O-O Qf6 8.
Nc3 O-O-O 9. Nd5 Qg6 10. Be3 f5 11. Bxa7 fxe4 12. Be2 Ne7 13. Qd4 Nxd5 14. Qxd5
c6 15. Qa5 Kd7 16. Rad1 Be7 17. Qb6 Rb8 18. Bxb8 Rxb8 19. Rd4 Bd8 20. Qc5 Qe6
21. Rfd1 Kc7 22. Qxd6+ Qxd6 23. Rxd6 Nf7 24. Rd7+ Kb6 25. Rxf7 Ra8 26. Rf8 g6
27. Rfxd8 Rxa2 28. R8d7 Rxb2 29. Rxh7 Rxc2 30. Bg4 g5 31. h3 Rc3 32. Re1 Rc4 33.
Rb1+ Kc5 34. Rhxb7 Kd6 35. R7b6 Rc5 36. Rd1+ Kc7 37. Rb4 e3 38. fxe3 Rc3 39.
Rd7+ Kc8 40. Rd3+ Kc7 41. Rxc3 Kd6 42. Rb6 Kc7 43. Rcxc6+ Kd8 44. Rb7 1-0

[Event "Challenge"]
[Site "http://www.queenalice.com/game.php?id=1619878"]
[Date "2020.7.10"]
[Round "-"]
[White "canasson2"]
[Black "rogers10"]
[Result "0-1"]
[WhiteElo "1200"]
[BlackElo "1910"]

1. e4 e6 2. c4 d5 3. cxd5 exd5 4. d3 dxe4 5. dxe4 Bd6 6. g3 Nf6 7. Bg5 Be5 8.
Nc3 O-O 9. Qf3 h6 10. Bxf6 Qxf6 11. O-O-O Qg6 12. Bd3 Bg4 13. Qe3 Bxd1 14. Nd5
Nc6 15. Kxd1 Bxb2 16. Nxc7 Rac8 17. Nd5 Qg5 18. Nf3 Qxe3 19. fxe3 Rfe8 20. Nd2
Ne7 21. Bb5 Rc1+ 22. Ke2 Nxd5 23. Bxe8 Nc3+ 24. Kf2 Rxh1 25. h4 Rh2+ 26. Ke1
Re2+ 27. Kf1 Rxd2 28. e5 Kf8 29. Bd7 Rxd7 30. g4 Rd2 31. e6 f6 32. g5 fxg5 33.
hxg5 h5 34. e7+ Kxe7 35. g6 Nxa2 36. Ke1 Rg2 37. Kd1 h4 38. e4 h3 39. Ke1 h2 0-1

[Event "Challenge"]
[Site "http://www.queenalice.com/game.php?id=1620538"]
[Date "2020.7.16"]
[Round "-"]
[White "rogers10"]
[Black "canasson2"]
[Result "1-0"]
[WhiteElo "1958"]
[BlackElo "1198"]

1. e4 d6 2. d4 e5 3. Nf3 Bg4 4. dxe5 Bxf3 5. Qxf3 dxe5 6. Bc4 f6 7. O-O Qe7 8.
Nc3 c6 9. Be3 Qb4 10. Bb3 Nd7 11. Qh5+ g6 12. Qg4 Bd6 13. Qe6+ Ne7 14. Rad1
O-O-O 15. Qxd6 Qxd6 16. Rxd6 Kc7 17. Rfd1 f5 18. Be6 Nb6 19. Rxd8 Rxd8 20. Rxd8
Kxd8 21. Bg5 h6 22. Bxh6 fxe4 23. Nxe4 a5 24. Bg7 a4 25. Bxe5 Nbd5 26. Bxd5 cxd5
27. Nc5 b5 28. Nd3 Nc6 29. Bg3 b4 30. Nf4 Ne7 31. Bh4 Kd7 32. Bxe7 Kxe7 33.
Nxg6+ Kd6 34. f4 Kc5 35. h4 Kc4 36. h5 d4 37. Ne5+ Kd5 38. h6 Ke4 39. g3 b3 40.
axb3 axb3 41. cxb3 d3 42. Nxd3 Kf3 43. h7 Ke2 44. h8=Q Kd1 45. Qc3 Ke2 46. f5
Kf3 47. Qe5 Kg4 48. f6 Kf3 49. Ne1+ Kg4 50. f7 Kh3 51. Qh5+ Kxg3 52. Qf3+ Kh4
53. f8=Q 1-0

[Event "Challenge"]
[Site "http://www.queenalice.com/game.php?id=1620851"]
[Date "2020.7.18"]
[Round "-"]
[White "canasson2"]
[Black "rogers10"]
[Result "0-1"]
[WhiteElo "1196"]
[BlackElo "1988"]

1. d4 d5 2. Nc3 e6 3. e3 Nf6 4. g3 Be7 5. Bg2 O-O 6. Nf3 b6 7. O-O Ba6 8. Re1 c5
9. b3 Nc6 10. Bb2 c4 11. Ne5 Nxe5 12. dxe5 Nd7 13. Qd4 Bc5 14. Qh4 Qxh4 15. gxh4
cxb3 16. axb3 Nxe5 17. Rxa6 Nc6 18. Na4 Nb4 19. Nxc5 bxc5 20. Ra5 Nxc2 21. Rc1
Nb4 22. Rc3 Rfb8 23. Ba3 c4 24. bxc4 Nc6 25. Rc5 Rb1+ 26. Bf1 d4 27. exd4 Nxd4
28. Kg2 Rab8 29. Bd3 Ra1 30. Bb2 Ra2 31. Bc1 a5 32. Bb1 Ra1 33. Bf4 Rd8 34. Rc1
Nb3 35. Bc7 Rc8 36. Bxa5 Rxc5 37. Rd1 Rc8 38. Bc3 Ra7 39. Bc2 Nc5 40. Bd4 Rac7
41. f4 f6 42. f5 e5 43. Be3 Rd7 44. Rxd7 Nxd7 45. Ba4 Nc5 46. Bb5 Ne4 47. Kf3
Nd6 48. h5 Nxf5 49. Ba6 Rc6 50. Bb5 Rc7 51. Bb6 Rb7 52. Be3 Nxe3 53. Kxe3 Kf8
54. h4 Rxb5 55. cxb5 Ke7 56. Ke4 Kd6 57. Kf5 h6 58. Kg6 e4 59. b6 Kc6 60. Kxg7
e3 61. Kxh6 e2 62. Kg6 e1=Q 63. h6 Qxh4 64. h7 Kxb6 65. Kg7 f5 66. h8=Q Qxh8+
67. Kxh8 f4 68. Kg7 f3 69. Kf6 f2 70. Ke5 f1=R 71. Ke4 Rd1 72. Ke5 Kc6 73. Ke4
Kc5 74. Ke3 Kc4 75. Ke2 Rd3 76. Kf2 Kd4 77. Ke2 Ra3 78. Kf2 Ke4 79. Kg2 Kf4 80.
Kh2 Kg4 81. Kg2 Ra2+ 82. Kf1 Kf3 83. Ke1 Ke3 84. Kd1 Rh2 85. Kc1 Kd3 86. Kb1 Kc3
87. Ka1 Kb3 88. Kb1 Rh1# 0-1

[Event "Challenge"]
[Site "http://www.queenalice.com/game.php?id=1621488"]
[Date "2020.7.25"]
[Round "-"]
[White "rogers10"]
[Black "canasson2"]
[Result "1-0"]
[WhiteElo "1964"]
[BlackElo "1194"]

1. e4 e5 2. Nf3 Nc6 3. d4 d6 4. Bc4 Bg4 5. d5 Nd4 6. Nbd2 Nxf3+ 7. Nxf3 g6 8.
Bb5+ Bd7 9. Qd3 Qe7 10. O-O O-O-O 11. Be3 Bxb5 12. Qxb5 a6 13. Qb3 Nf6 14. Bg5
h6 15. Bd2 Nxe4 16. Qe3 f5 17. Qa7 Nxd2 18. Nxd2 e4 19. Qa8+ Kd7 20. Qxb7 Ke8
21. Qxa6 Bg7 22. Rae1 Kf7 23. c3 Ra8 24. Qc4 h5 25. a3 Rhb8 26. Rb1 e3 27. Nf3
e2 28. Rfe1 Qe4 29. Qxe4 fxe4 30. Ng5+ Kg8 31. Nxe4 Be5 32. Rxe2 Rxa3 33. Ree1
Rab3 34. Rec1 Bf4 35. Rc2 R8b5 36. Kf1 Kg7 37. c4 R5b4 38. Ke2 g5 39. Nd2 Bxd2
40. Kxd2 h4 41. Kc1 g4 42. Rc3 Rxc3+ 43. bxc3 Rxc4 44. Kc2 Rf4 45. Rf1 g3 46.
hxg3 hxg3 47. f3 Rc4 48. Kd3 Rc5 49. c4 c6 50. dxc6 Rxc6 51. Re1 Kf6 52. Re4 Kf5
53. Rg4 Rc5 54. Rxg3 d5 55. cxd5 Rxd5+ 56. Ke3 Re5+ 57. Kf2 Kf4 58. Rg4+ Kf5 59.
Kg3 Re3 60. Kf2 Rd3 61. Re4 Rd2+ 62. Re2 Rd4 63. Kg3 Rf4 64. Rb2 Rd4 65. Rb5+
Kg6 66. f4 Rd3+ 67. Kg4 Rd2 68. Kh4 Rxg2 69. Rc5 Rf2 70. Kg3 Rf1 71. Rb5 Kf6 72.
Kg4 Ke6 73. Rb6+ Kf7 74. Kg5 Rg1+ 75. Kf5 Rh1 76. Rb7+ Kg8 77. Kg6 Kf8 78. f5
Rg1+ 79. Kf6 Kg8 80. Rb8+ Kh7 81. Ke6 Re1+ 82. Kf7 Rd1 83. Re8 Rd7+ 84. Re7 Rd8
85. f6 Rd6 86. Ke8+ Kh8 87. f7 Rg6 88. f8=Q+ Rg8 89. Qxg8+ Kxg8 90. Kd7 Kf8 91.
Kd6 Kg8 92. Ke6 Kf8 93. Ra7 Kg8 94. Kf6 Kh8 95. Kg6 Kg8 96. Ra8# 1-0

[Event "Challenge"]
[Site "http://www.queenalice.com/game.php?id=1622336"]
[Date "2020.7.31"]
[Round "-"]
[White "canasson2"]
[Black "rogers10"]
[Result "0-1"]
[WhiteElo "1192"]
[BlackElo "1969"]

1. d4 d5 2. e3 e6 3. Nf3 Nf6 4. Bd3 Be7 5. O-O O-O 6. Ne5 b6 7. b3 Bb7 8. Bb2
Nbd7 9. Nc3 Nxe5 10. dxe5 Nd7 11. f4 Nc5 12. Rf2 Bh4 13. g3 Be7 14. f5 d4 15.
fxe6 dxc3 16. exf7+ Rxf7 17. Rxf7 Kxf7 18. Qh5+ Kf8 19. Rf1+ Bf6 20. Ba3 Qd5 21.
e4 Qd4+ 22. Kg2 Bxe4+ 23. Bxe4 Qxe4+ 24. Kh3 Re8 25. exf6 Qe6+ 26. Kg2 Qe4+ 27.
Kh3 Qe6+ 28. Kg2 Qe2+ 29. Qxe2 Rxe2+ 30. Rf2 Re5 31. fxg7+ Kxg7 32. b4 Ne4 33.
Re2 b5 34. Re3 Kf6 35. Bc1 Nd2 36. Kf2 Rxe3 37. Kxe3 Nf1+ 38. Kd3 Nxh2 39. Kxc3
Kf5 40. Bf4 c6 41. Kb3 Nf1 42. Bc7 Kg4 43. a4 h5 44. axb5 cxb5 45. c4 bxc4+ 46.
Kxc4 Nxg3 47. Kb5 h4 48. Ka6 h3 49. Kxa7 h2 50. b5 h1=Q 51. b6 Qa1+ 52. Kb8 Ne4
53. b7 Nc5 54. Kc8 Qh8+ 55. Bd8 Nxb7 56. Kd7 Qxd8+ 57. Kc6 Na5+ 58. Kb5 Qc7 59.
Ka4 Qb6 60. Ka3 Qb3# 0-1

[Event "Challenge"]
[Site "http://www.queenalice.com/game.php?id=1622827"]
[Date "2020.8.4"]
[Round "-"]
[White "rogers10"]
[Black "canasson2"]
[Result "1-0"]
[WhiteElo "1955"]
[BlackElo "1190"]

1. e4 e5 2. Nf3 Nc6 3. d4 d6 4. Bc4 Bg4 5. O-O g6 6. h3 Bxf3 7. Qxf3 Qf6 8. Nd2
Nxd4 9. Qd1 O-O-O 10. Nb3 Bg7 11. c3 c5 12. cxd4 exd4 13. Na5 Ne7 14. Qa4 Rd7
15. b4 d3 16. Be3 Qxa1 17. Rxa1 Bxa1 18. Bxd3 Rc7 19. bxc5 dxc5 20. Nb3 Rd8 21.
Bc4 Be5 22. g3 Nc6 23. Bd5 Nb4 24. Nxc5 Nxd5 25. exd5 Rxd5 26. Qxa7 Kd8 27.
Nxb7+ Kc8 28. Qa8+ Kd7 29. Qa4+ Kc8 30. Na5 Bc3 31. Qe8+ Rd8 32. Qa4 Rd5 33. Nb3
Be1 34. Qa8+ Kd7 35. Qxd5+ Kc8 36. Bd2 Rd7 37. Qc6+ Kd8 38. Bxe1 Rd1 39. Kf1 h5
40. Ke2 Rd7 41. Ba5+ Ke7 42. Nc5 Rd6 43. Qc7+ Kf8 44. Qxd6+ Kg7 45. Bc3+ Kg8 46.
Nd7 Kh7 47. Qf8 g5 48. Qg7# 1-0

[Event "Challenge"]
[Site "http://www.queenalice.com/game.php?id=1623095"]
[Date "2020.8.7"]
[Round "-"]
[White "canasson2"]
[Black "rogers10"]
[Result "0-1"]
[WhiteElo "1188"]
[BlackElo "1961"]

1. d4 d5 2. e3 e6 3. Nc3 Nf6 4. g3 Be7 5. Bg2 O-O 6. Nf3 b6 7. O-O Ba6 8. Re1 c5
9. b3 cxd4 10. exd4 Nc6 11. a3 Rc8 12. b4 Bc4 13. h4 Qc7 14. Bf4 Bd6 15. Bxd6
Qxd6 16. b5 Ne7 17. a4 Qb4 18. Qd2 a5 19. Reb1 Qd6 20. Re1 Ne4 21. Nxe4 dxe4 22.
Rxe4 Bd5 23. Rg4 Nf5 24. Re1 Rc4 25. Ne5 Rxa4 26. Bxd5 Qxd5 27. c3 Qxb5 28. Qc2
Rc8 29. Rb1 Rb4 30. Rxb4 Qxb4 31. Qe4 Qxc3 32. d5 Nd6 33. Qf4 Qc1+ 34. Qxc1
Rxc1+ 35. Kg2 exd5 36. Rd4 Rc5 37. Nd3 Rb5 38. Nf4 Nf5 39. Rd2 Ne7 40. Re2 Kf8
41. g4 a4 42. Ra2 Rb4 43. Kg3 b5 44. Nd3 Rb3 45. Rd2 a3 46. f3 b4 47. Nc1 Rb2
48. Rg2 Rxg2+ 49. Kxg2 Nc6 50. Kf2 Ke7 51. Ke3 Ke6 52. Kd2 Ke5 53. Ke3 d4+ 54.
Kd3 Kf4 55. Ke2 Ne5 56. h5 Nxf3 57. h6 gxh6 58. Nd3+ Kxg4 59. Nxb4 h5 60. Nc2 a2
61. Kd1 d3 62. Na1 h4 63. Kc1 h3 64. Kb2 h2 65. Kxa2 h1=Q 66. Kb2 d2 67. Nb3
d1=Q 68. Ka3 Qhf1 69. Ka4 Qc4+ 70. Ka3 Qdxb3# 0-1

[Event "Challenge"]
[Site "http://www.queenalice.com/game.php?id=1623484"]
[Date "2020.8.11"]
[Round "-"]
[White "rogers10"]
[Black "canasson2"]
[Result "1-0"]
[WhiteElo "1965"]
[BlackElo "1186"]

1. e4 e5 2. Nf3 d6 3. d4 Nd7 4. Bc4 Ngf6 5. Nc3 b6 6. O-O Bb7 7. Bd5 Bxd5 8.
exd5 e4 9. Re1 Be7 10. Nxe4 Nxe4 11. Rxe4 O-O 12. Qe2 Re8 13. Bf4 Nf6 14. Re3
Nxd5 15. Re4 Nf6 16. Re3 d5 17. Re1 Ne4 18. Nd2 Bb4 19. c3 Nxd2 20. Qxd2 Rxe3
21. Qxe3 Bd6 22. Bxd6 Qxd6 23. Qe7 g6 24. Qxd6 cxd6 25. Re7 f5 26. Rd7 Re8 27.
Kf1 a5 28. Rxd6 Rb8 29. Rxd5 b5 30. Ke2 Kf7 31. b3 Ke6 32. Re5+ Kd6 33. Ke3 a4
34. Kf4 b4 35. c4 axb3 36. axb3 Ra8 37. Rb5 Ra2 38. Kf3 Ra1 39. Rxb4 Rd1 40. Kg3
Rxd4 41. c5+ Kxc5 42. Rxd4 Kxd4 43. Kf4 Kc3 44. Kg5 Kxb3 45. Kh6 Kc4 46. Kxh7
Kd5 47. Kxg6 Ke5 48. h4 f4 49. h5 Ke4 50. h6 f3 51. gxf3+ Kxf3 52. h7 Kf4 53.
h8=Q Kg4 54. Qf8 Kh4 55. Qf4+ Kh3 56. Qg3# 1-0

[Event "Challenge"]
[Site "http://www.queenalice.com/game.php?id=1623935"]
[Date "2020.8.16"]
[Round "-"]
[White "canasson2"]
[Black "rogers10"]
[Result "0-1"]
[WhiteElo "1184"]
[BlackElo "1967"]

1. d4 d5 2. Nc3 e6 3. Nf3 Nf6 4. Bg5 Be7 5. g3 O-O 6. Bg2 b6 7. Bxf6 Bxf6 8. e4
Ba6 9. e5 Be7 10. Qd2 c5 11. O-O-O Nc6 12. Bf1 Bxf1 13. Rhxf1 Qd7 14. h4 cxd4
15. Nxd4 Nxe5 16. Qe2 Nc4 17. a4 Bb4 18. Ncb5 a6 19. c3 Be7 20. b3 axb5 21. bxc4
bxc4 22. Qb2 Qxa4 23. Kd2 Qa2 24. Rb1 Ra5 25. Rfc1 Rfa8 26. Nc6 Qxb2+ 27. Rxb2
Ra2 28. Kc2 Rxb2+ 29. Kxb2 Ba3+ 30. Kc2 Bxc1 31. Kxc1 Ra2 32. f4 Rg2 33. f5 Rxg3
34. fxe6 fxe6 35. Nd8 Rxc3+ 36. Kb2 Re3 37. h5 Kf8 38. Nxe6+ Rxe6 39. h6 Rxh6
40. Kc3 b5 41. Kb4 d4 42. Kxb5 d3 43. Kxc4 d2 44. Kd5 d1=Q+ 45. Ke5 Ke7 46. Kf5
Re6 47. Kg5 Qf3 48. Kh4 Qg2 49. Kh5 Rh6# 0-1

[Event "Challenge"]
[Site "http://www.queenalice.com/game.php?id=1624158"]
[Date "2020.8.18"]
[Round "-"]
[White "rogers10"]
[Black "canasson2"]
[Result "1-0"]
[WhiteElo "1969"]
[BlackElo "1182"]

1. e4 d5 2. exd5 Qxd5 3. Nc3 Qe5+ 4. Qe2 Nc6 5. d3 Bf5 6. f4 Qxe2+ 7. Bxe2 O-O-O
8. Be3 b6 9. O-O-O g6 10. Bf3 Bd7 11. Nge2 Bh6 12. g3 f5 13. Nd4 Nxd4 14. Bxd4
Nf6 15. Rde1 Rhe8 16. Re2 e5 17. Bxe5 Re6 18. Rhe1 Bc6 19. Bxc6 Rxc6 20. Nb5 Kb7
21. Bxf6 Rxf6 22. Re7 Rc6 23. Rxh7 Bf8 24. Rh8 a6 25. Nc3 Rxc3 26. Rxf8 Rxc2+
27. Kxc2 Rxf8 28. Re6 Rg8 29. Kc3 c5 30. Kc4 b5+ 31. Kc3 g5 32. fxg5 Rxg5 33.
Rf6 a5 34. Kd2 Rh5 35. h4 c4 36. dxc4 bxc4 37. Kc3 f4 38. Rxf4 Rc5 39. Rxc4 Kb6
40. Rxc5 Kxc5 41. h5 Kb5 42. h6 a4 43. h7 a3 44. h8=R axb2 45. Rb8+ Kc5 46. Rxb2
Kc6 47. Kd4 Kd6 48. Rb6+ Kc7 49. Kc5 Kd7 50. Kd5 Kc7 51. Rh6 Kb7 52. Kc5 Ka7 53.
Kb5 Kb7 54. Rh7+ Kc8 55. Kc6 Kd8 56. Ra7 Ke8 57. Kd6 Kf8 58. Ke6 Kg8 59. Kf6 Kh8
60. Kg6 1-0

[Event "Challenge"]
[Site "http://www.queenalice.com/game.php?id=1624596"]
[Date "2020.8.22"]
[Round "-"]
[White "canasson2"]
[Black "rogers10"]
[Result "0-1"]
[WhiteElo "1180"]
[BlackElo "1999"]

1. e4 e6 2. Nc3 d5 3. d4 Nf6 4. e5 Nfd7 5. Nf3 c5 6. Bb5 b6 7. O-O Ba6 8. Bxa6
Nxa6 9. b3 cxd4 10. Qxd4 Bc5 11. Qh4 Qxh4 12. Nxh4 Bd4 13. Bd2 Nxe5 14. Rae1
Bxc3 15. Bxc3 Nc6 16. Bxg7 Rg8 17. Bh6 O-O-O 18. a3 Nc5 19. b4 Ne4 20. c4 Nf6
21. b5 Na5 22. cxd5 Rxd5 23. a4 Rd4 24. Ra1 Rxh4 25. Rfc1+ Kb7 26. Be3 Rc4 27.
Rd1 Nb3 28. Ra3 Nc5 29. Bd4 Rd8 30. Raa1 Rdxd4 31. Rxd4 Rxd4 32. g3 Nd5 33. a5
Nc3 34. axb6 Rd1+ 35. Rxd1 Nxd1 36. bxa7 Kxa7 37. f4 Kb6 38. g4 Kxb5 39. f5 e5
40. Kf1 Ne3+ 41. Ke2 Nxg4 42. h3 Nh6 43. f6 Ng8 44. h4 Nxf6 45. Ke3 Nd5+ 46. Kf3
f5 47. h5 e4+ 48. Ke2 Kc4 49. h6 Nf4+ 50. Ke3 Nfe6 51. Kd2 f4 52. Ke2 e3 53. Kf3
Kd3 54. Kg4 e2 55. Kf5 e1=Q 56. Kf6 Qh4+ 57. Ke5 Qg5+ 58. Kd6 Qxh6 59. Kd5 f3
60. Kd6 Qf4+ 61. Kd5 Qe4+ 62. Kd6 Kd4 63. Ke7 Ke5 64. Ke8 Ng7+ 65. Kd8 Nh5 66.
Ke7 Qb7+ 67. Kf8 Ke6 68. Kg8 Kf6 69. Kh8 Kg6 70. Kg8 Qb8# 0-1

[Event "Challenge"]
[Site "http://www.queenalice.com/game.php?id=1625821"]
[Date "2020.9.3"]
[Round "-"]
[White "rogers10"]
[Black "canasson2"]
[Result "1-0"]
[WhiteElo "2003"]
[BlackElo "1178"]

1. e4 c5 2. Nf3 d5 3. exd5 Qxd5 4. Nc3 Qe6+ 5. Qe2 Qxe2+ 6. Bxe2 e6 7. O-O Nf6
8. Bc4 Be7 9. d4 O-O 10. Be3 b6 11. dxc5 bxc5 12. Rad1 Ba6 13. Be2 Bxe2 14. Nxe2
Na6 15. Rd2 Rfd8 16. Rfd1 Rd5 17. Nc3 Rxd2 18. Rxd2 h6 19. Ne5 Rd8 20. Rxd8+
Bxd8 21. Nc6 Bb6 22. Nb5 Nb4 23. Nxb4 cxb4 24. Nxa7 Bxe3 25. fxe3 Ne4 26. Nc6 f5
27. Nxb4 g5 28. g3 e5 29. Nd3 f4 30. Nxe5 fxe3 31. Kf1 Kg7 32. Ke2 h5 33. Kxe3
Nf6 34. a4 h4 35. b4 hxg3 36. hxg3 Nd5+ 37. Kd4 Nxb4 38. c3 Nc2+ 39. Kd3 Ne1+
40. Ke2 Nc2 41. Kd3 Na1 42. c4 Nb3 43. Kc3 Nc5 44. Kb4 Ne4 45. g4 Kf6 46. Nf3
Nf2 47. a5 Nxg4 48. a6 Ne5 49. Nxe5 Kxe5 50. a7 g4 51. a8=Q Kf4 52. Kc3 g3 53.
Qg2 Kg4 54. Kd3 Kh4 55. Ke2 Kg4 56. Ke3 Kh4 57. Kf4 Kh5 58. Qxg3 Kh6 59. Kf5 Kh7
60. Kf6 Kh8 61. Kf7 1-0